Automatizácia a robotizácia ako súčasť rozvojového manažmentu výroby
Analýza poznatkov súvisiacich s napredovaním, zdokonaľovaním a rozvojom produkčného systému s dôrazom na technickú a technologickú úroveň zabezpečenia výrobných systémov. Analýza teórie na tému manažment výroby a rozvojový manažment výroby. Analýza súčasnej situácie a systémov výroby v súčasných pod...
Salvato in:
| Autore principale: | |
|---|---|
| Natura: | Capitolo di libro |
| Lingua: | slovacco |
| Soggetti: | |
| Tags: |
Nessun Tag, puoi essere il primo ad aggiungerne!!
|
MARC
| LEADER | 00000naa$a2200000$$$4500 | ||
|---|---|---|---|
| 001 | 0270228 | ||
| 005 | 20240521100621.1 | ||
| 041 | 0 | |a slo | |
| 044 | |a SK | ||
| 245 | 1 | 0 | |a Automatizácia a robotizácia ako súčasť rozvojového manažmentu výroby |c Alexandra Biela |
| 520 | |a Analýza poznatkov súvisiacich s napredovaním, zdokonaľovaním a rozvojom produkčného systému s dôrazom na technickú a technologickú úroveň zabezpečenia výrobných systémov. Analýza teórie na tému manažment výroby a rozvojový manažment výroby. Analýza súčasnej situácie a systémov výroby v súčasných podmienkach podnikania na Slovensku v dôsledku pandémie ochorenia COVID‑19 spôsobeného novým koronavírusom. Zmapovanie súčasnej situácie výrobných procesov a logistických systémov v podnikoch na Slovensku. | ||
| 610 | 2 | 0 | |a riadenie výroby |
| 610 | 2 | 0 | |a politika rozvojová |
| 610 | 2 | 0 | |a obchod elektronický |
| 610 | 2 | 0 | |a systémy výrobné automatizované |
| 610 | 2 | 0 | |a systémy logistické |
| 610 | 2 | 0 | |a pandémia |
| 610 | 2 | 0 | |a koronavírus |
| 610 | 2 | 0 | |a prostredie podnikové |
| 610 | 2 | 0 | |a Slovensko |
| 100 | 1 | |a Biela, Alexandra | |